Welcome to CU Library Online Public Access Catalogue (OPAC)

Introduction to management practice / (Record no. 9082)

MARC details
000 -LEADER
fixed length control field 00643cam a2200217 i 4500
001 - CONTROL NUMBER
control field 409869
005 - DATE AND TIME OF LATEST TRANSACTION
control field 20260318074645.0
008 - FIXED-LENGTH DATA ELEMENTS--GENERAL INFORMATION
fixed length control field 800630s1981 nyua 001 0 eng
020 ## - INTERNATIONAL STANDARD BOOK NUMBER
International Standard Book Number 0070090424
020 ## - INTERNATIONAL STANDARD BOOK NUMBER
International Standard Book Number 9780070090422
050 00 - LIBRARY OF CONGRESS CALL NUMBER
Classification number HD31
Item number .B7699
082 00 - DEWEY DECIMAL CLASSIFICATION NUMBER
Classification number 658
Edition information 19
100 1# - MAIN ENTRY--PERSONAL NAME
Personal name Burke, Ronald S.
245 10 - TITLE STATEMENT
Title Introduction to management practice /
Statement of responsibility, etc. Ronald S. Burke, Lester R. Bittel.
260 ## - PUBLICATION, DISTRIBUTION, ETC.
Place of publication, distribution, etc. New York :
Name of publisher, distributor, etc. Gregg Division, McGraw-Hill Book Co.,
Date of publication, distribution, etc. c1981.
300 ## - PHYSICAL DESCRIPTION
Extent xi, 580 p. :
Other physical details ill. ;
Dimensions 24 cm.
500 ## - GENERAL NOTE
General note Includes index.
650 #0 - SUBJECT ADDED ENTRY--TOPICAL TERM
Topical term or geographic name entry element Management.
700 1# - ADDED ENTRY--PERSONAL NAME
Personal name Bittel, Lester R.,
Relator term joint author.
942 ## - ADDED ENTRY ELEMENTS (KOHA)
Source of classification or shelving scheme Library of Congress Classification
Koha item type Books
Suppress in OPAC No
999 ## -
-- 9082
-- 9082
Holdings
Withdrawn status Lost status Source of classification or shelving scheme Damaged status Not for loan Collection Home library Current library Shelving location Date acquired Total checkouts Full call number Barcode Date last seen Copy number Price effective from Koha item type
    Library of Congress Classification     Non-fiction Business Library (Miotso) Business Library (Miotso) General stacks 03/18/2026   HD31 .B7699 BUR BSSM00002814 03/18/2026 1 03/18/2026 Books
    Library of Congress Classification     Non-fiction Business Library (Miotso) Business Library (Miotso) General stacks 03/18/2026   HD31 .B7699 BUR BSSM00002815 03/18/2026 2 03/18/2026 Books
    Library of Congress Classification     Non-fiction Business Library (Miotso) Business Library (Miotso) General stacks 03/18/2026   HD31 .B7699 BUR BSSM00002816 03/18/2026 3 03/18/2026 Books
    Library of Congress Classification     Non-fiction Business Library (Miotso) Business Library (Miotso) General stacks 03/18/2026   HD31 .B7699 BUR BSSM00002817 03/18/2026 4 03/18/2026 Books
    Library of Congress Classification     Non-fiction Business Library (Miotso) Business Library (Miotso) General stacks 03/18/2026   HD31 .B7699 BUR BSSM00002818 03/18/2026 5 03/18/2026 Books
    Library of Congress Classification     Non-fiction Business Library (Miotso) Business Library (Miotso) General stacks 03/18/2026   HD31 .B7699 BUR BSSM00002819 03/18/2026 6 03/18/2026 Books
    Library of Congress Classification     Non-fiction Business Library (Miotso) Business Library (Miotso) General stacks 03/18/2026   HD31 .B7699 BUR BSSM00002820 03/18/2026 7 03/18/2026 Books
    Library of Congress Classification     Non-fiction Business Library (Miotso) Business Library (Miotso) General stacks 03/18/2026   HD31 .B7699 BUR BSSM00002821 03/18/2026 8 03/18/2026 Books
    Library of Congress Classification     Non-fiction Business Library (Miotso) Business Library (Miotso) General stacks 03/18/2026   HD31 .B7699 BUR BSSM00002822 03/18/2026 9 03/18/2026 Books
© 2023-2024 Copyright: Central University Libraries. All Rights Reserved | Created by: Mahone Tech Office